| 000 | 00557nam a22001937a 4500 | ||
|---|---|---|---|
| 003 | OSt | ||
| 005 | 20130702093922.0 | ||
| 008 | 130528s1990 sp ||||| |||| 00| 0 cat d | ||
| 020 | _a847781540 | ||
| 040 | _cCDMR | ||
| 100 | 1 |
_93546 _aAymerich, Ramon |
|
| 245 | 1 | 3 |
_aLa premsa invisible _b: fanzines a Catalunya _cRamon Aymerich |
| 260 |
_aBarcelona _bEl Llamp _cDL 1990 |
||
| 300 |
_a86 p. _bil. |
||
| 490 | 0 |
_aSociolingüística i Comunicación _aSèrie B |
|
| 650 | 0 | 4 |
_93547 _aAutoedició |
| 650 | 0 | 4 |
_93548 _aFanzines _y1983-1986 _zCatalunya |
| 942 |
_2udc _cMON |
||
| 999 |
_c6338 _d6338 |
||